Responses for show #1881 - Monday, November 9, 1992

1992 Tournament of Champions quarterfinal game 1.

Contestants

[<< previous game]

Leonard Schmidt, an optometrist and 1992 Seniors Tournament champion from Pittsburgh, Pennsylvania

Dave Willis, a medical lab manager from Ventura, California

India Cooper, an actor and copy editor originally from Denver, Colorado

[next game >>]

Jeopardy! Round responses

THE 1890s
FRENCH CUISINE
ACTRESSES
LAMP PEOPLE
CHILDREN'S LITERATURE
"T" ON THE MAP
(Alex: Obviously, a geography category in which each correct response will begin with the letter T.)
    $100 14
the Maine

Leonard
    $100 8
spinach

Dave
    $100 7
the Catwoman

Dave
    $100 1
Aladdin

India
    $100 24
Calaveras County

Dave
    $100 2
Tahiti

India
    $200 15
Sigmund Freud

India
    $200 9
coffee

India
    $200 10
Demi Moore

Leonard
    $200 20
an honest man

Leonard
    $200 26
The Wind in the Willows

Dave
    $200 3
Toronto

India
    $300 16
basketball

Dave
    $300 17
truffles

India
    $300 11
Imogene Coca

Leonard
    $300 21
coal miners

Leonard
    $300 28
Peter Pan

Dave
    $300 4
Lake Tahoe

India
    $400 18
(Dave: What is San Diego?)

Chicago

IndiaDave
    $400 25
chocolate cake

India
    $400 12
Cybill Shepherd

India
    $400 22
Emma Lazarus

India
    $400 29
(Dave: What is a king?)

Miller

IndiaDave
    $400 5
Taipei (Taiwan)

Leonard
    $900 19
the Sherman Anti-Trust Act

India
    $500 27
cabbage

India
    $500 13
(Leonard: Who is Martha Scott?)
...
(Alex: [*]--married to George C. Scott.)

Colleen Dewhurst

Leonard
Triple Stumper
    $500 23
Florence Nightingale

India
    $500 30
Yertle the Turtle

Leonard
    $500 6
(Leonard: What is Timbuktu?)

Tangier

Leonard
Triple Stumper

Scores at the first commercial break (after clue 13):

India Dave Leonard
$1,300 $200 -$100

Scores at the end of the Jeopardy! Round:

India Dave Leonard
$5,300 $300 $1,000

Double Jeopardy! Round responses

GENERAL SCIENCE
HISTORIC NAMES
COLLEGES & UNIVERSITIES
CLASSICAL MUSIC
INDIANS
HAIL TO THE CHIEF
    $200 1
Microwave

Leonard
    $200 6
Portugal

Dave
    $200 22
San Francisco

Leonard
    $200 11
Gioachino Rossini

Leonard
    $200 14
Little Big Horn

Leonard
    $200 17
Ulysses S. Grant

Dave
    $400 2
Silver

Leonard
    $400 7
Mexico

India
    $400 23
University of Tennessee

India
    $400 12
Napoleon

Leonard
    $400 25
Kachina Dolls

Dave
    $400 18
Abraham Lincoln

Dave
    $600 3
Metamorphic

Dave
    $600 8
(Leonard: Who are the Aztec?)

Incas

DaveLeonard
    $600 24
New Orleans

India
    $600 13
W.A. Mozart

Dave
    $600 26
(Dave: Who is Cochise?)

Geronimo

IndiaDave
    $600 19
Thomas Jefferson

India
    $1,000 4
Jupiter

Dave
    $800 9
Lord Nelson

Dave
    $800 29
Arizona State University

Leonard
    $800 15
Claude Debussy

India
    $800 27
Civilized Nations/Tribes

Dave
    $800 20
Theodore Roosevelt & Woodrow Wilson

Leonard
    $1000 5
Helium

Dave
    $1000 10
Edward VII

Leonard
    $1000 30
(also Australia's largest city)

Sydney

Triple Stumper
    $1000 16
Alexander Borodin

Leonard
    $1000 28
Chief Joseph (of the Nez Perce)

India
    $2,000 21
Gerald Ford

Leonard

Scores at the end of the Double Jeopardy! Round:

India Dave Leonard
$9,700 $6,300 $7,600

Final Jeopardy! Round responses

GEOGRAPHY
(Alex: No, it's not even close: the Soviet Union used to be twice as big as Canada--it's [*]: it's still 1 1/2 times as big as Canada, still #2.)
DaveWhat is Canada?
$5,000
LeonardWhat is Canada?
$0
IndiaWhat is Canada?
$600
Russia

Final scores:

India Dave Leonard
$9,100 $1,300 $7,600
Automatic semifinalist 3rd place: $1,000 if eliminated + Jeopardy!/Wheel of Fortune video games for Super NES/Sega Genesis + Jeopardy! Challenge book 2nd place: $1,000 if eliminated + Jeopardy!/Wheel of Fortune video games for Super NES/Sega Genesis + Jeopardy! Challenge book

Game dynamics:

Coryat scores:

India Dave Leonard
$9,300 $6,100 $6,600
22 R
(including 1 DD),
0 W
17 R
(including 1 DD),
3 W
18 R
(including 1 DD),
3 W

Combined Coryat: $22,000

The J! Archive is created by fans, for fans. Scraping, republication, monetization, and malicious use prohibited; this site may use cookies and collect identifying information. See terms. The Jeopardy! game show and all elements thereof, including but not limited to copyright and trademark thereto, are the property of Jeopardy Productions, Inc. and are protected under law. This website is not affiliated with, sponsored by, or operated by Jeopardy Productions, Inc. Join the discussion at JBoard.tv.